LIBRARY & INFORMATION CENTRE, KCAET, TAVANUR

ONLINE PUBLIC ACCESS CATALOGUE (OPAC)

Design and development of a mechanical mixer for talc-based bio control agents (Record no. 14960)

MARC details
000 -LEADER
fixed length control field 00707nam a22001817a 4500
003 - CONTROL NUMBER IDENTIFIER
control field OSt
088 ## - REPORT NUMBER
Report number P 276
100 ## - MAIN ENTRY--AUTHOR NAME
Personal name ANJALI V.L
-- SARI A.K
-- WILSON D'SOUZA
245 ## - TITLE STATEMENT
Title Design and development of a mechanical mixer for talc-based bio control agents
260 ## - PUBLICATION, DISTRIBUTION, ETC. (IMPRINT)
Place of publication Tavanur 2014
Name of publisher DEPARTMENT OF FARM POWER MACHINERY AND ENERGY
300 ## - PHYSICAL DESCRIPTION
Number of Pages 40
500 ## - GENERAL NOTE
General note Design and development of a mechanical mixer for talc-based bio control agents
520 ## - SUMMARY, ETC.
Summary, etc Design and development of a mechanical mixer for talc-based bio control agents
700 ## - ADDED ENTRY--PERSONAL NAME
Personal name Er. Suma Nair (Guide)
856 ## - ELECTRONIC LOCATION AND ACCESS
Uniform Resource Identifier https://drive.google.com/open?id=1g5XEX6vbIb-W721ulaLmGZyhuFOfrmxx
942 ## - ADDED ENTRY ELEMENTS (KOHA)
Koha item type Project Report
Holdings
Collection code Home library Current library Shelving location Full call number Accession Number Koha item type
Reference KAUAET KAUAET Reference 631.3 ANJ/DE P 276 Project Report
free website counter